El plan de Acción forestal para Colombia en la revolución pacífica. (Registro nro. 20712)
[ vista simple ]
| 000 -CABECERA | |
|---|---|
| Campo de control | 00862nam a22002297a 4500 |
| 005 - FECHA Y HORA DE LA ULTIMA TRANSACCION | |
| Campo de control | 20200122125342.0 |
| 008 - ELEMENTOS DE LONGITUD FIJA—INFORMACION GENERAL | |
| Campo de control | 200122b xxu||||| |||| 00| 0 spa d |
| 040 ## - FUENTE DE CATALOGACIÓN | |
| Agencia catalogadora original | CO-BoIAVH |
| Agencia transcriptora | CO-BoIAVH |
| 041 ## - IDIOMA | |
| Código de idioma para texto/pista de sonido o título separado | Español |
| 044 ## - PAÍS DE PUBLICACIÓN | |
| País de publicación | Colombia |
| 082 ## - NUMERO DE CLASIFICACION DECIMAL DEWEY | |
| Número de clasificación | 333.75068 |
| Número del ítem | D44p |
| 110 ## - ASIENTO PRINCIPAL--NOMBRE CORPORATIVO | |
| 9 (RLIN) | 2043 |
| Nombre corporativo o de jurisdicción como elemento de entrada | Departamento Nacional de Planeación |
| 245 13 - MENCION DE TITULO | |
| Título | El plan de Acción forestal para Colombia en la revolución pacífica. |
| Parte restante del título | 1990 - 1994. |
| 260 ## - PUBLICACION, DISTRIBUCION, ETC. (PIE DE IMPRENTA) | |
| Lugar de publicación, distribución, etc. | Bogotá D.C.: |
| Nombre del editor, distribuidor, etc. | Departamento Nacional de Planeación, |
| -- | Ministerio de Medio Ambiente, |
| -- | Ministerio de Agricultura, |
| Fecha de publicación, distribución, etc. | 1994. |
| 300 ## - DESCRIPCION FISICA | |
| Extensión | 60 Páginas: |
| Otros detalles físicos | ilustraciones, |
| Dimensiones | 31 x 24 cm. |
| 650 #0 - ASIENTO SECUNDARIO DE MATERIA - TERMINO TEMATICO | |
| 9 (RLIN) | 10862 |
| Término temático o nombre geográfico como elemento de entrada | Administración forestal |
| 650 #0 - ASIENTO SECUNDARIO DE MATERIA - TERMINO TEMATICO | |
| 9 (RLIN) | 5814 |
| Término temático o nombre geográfico como elemento de entrada | Participación ciudadana |
| 650 #0 - ASIENTO SECUNDARIO DE MATERIA - TERMINO TEMATICO | |
| 9 (RLIN) | 102297 |
| Término temático o nombre geográfico como elemento de entrada | calidad |
| Subdivisión de forma | medio ambiente |
| 650 #0 - ASIENTO SECUNDARIO DE MATERIA - TERMINO TEMATICO | |
| 9 (RLIN) | 57733 |
| Término temático o nombre geográfico como elemento de entrada | Conservación |
| Subdivisión general | Biodiversidad |
| 650 #0 - ASIENTO SECUNDARIO DE MATERIA - TERMINO TEMATICO | |
| 9 (RLIN) | 166 |
| Término temático o nombre geográfico como elemento de entrada | Gestión ambiental |
| 942 ## - ELEMENTOS ADICIONALES (KOHA) | |
| Sistema de clasificación | Dewey Decimal Classification |
| Tipo de ítem | Libro |
| Withdrawn status | Lost status | Sistema de Clasificación | Damaged status | No para préstamo | Colección | Ubicación Permanente | Ubicación actual | Fecha de adquisición | Total Checkouts | Número topográfico | Inventario / Código de Barras | Date last seen | Ejemplar | Price effective from | Forma de adquisición | Tipo de material |
|---|---|---|---|---|---|---|---|---|---|---|---|---|---|---|---|---|
| Dewey Decimal Classification | General | Bogotá | Bogotá | 22/01/2020 | LB-333.75068 D44p | 044007 | 22/01/2020 | Ej.1 | 22/01/2020 | Donación | Libro |